[Event "Kemerovo-ch1"]
[Site "Kemerovo"]
[Date "2009.02.11"]
[Round "7"]
[White "Everzov, Nikolay I"]
[Black "Tarasov, Andrey V"]
[Result "1-0"]
[WhiteElo "1782"]
[BlackElo "1774"]
[PlyCount "59"]
[EventDate "2009.01.27"]
[EventType "tourn"]
[EventRounds "9"]
[EventCountry "RUS"]
[SourceTitle "EXT 2012"]
[Source "ChessBase"]
[SourceDate "2011.11.24"]
[SourceVersion "1"]
[SourceVersionDate "2011.11.24"]
[SourceQuality "1"]

1. e4 e5 2. Bc4 Nf6 3. d3 Nc6 4. a3 Bc5 5. h3 d6 6. Nf3 0-0 7. Nc3 Be6 8. Nd5 h6 9. c3 Na5 10. Nxf6+ Qxf6 11. Bxe6 Qxe6 12. b4 Bxf2+ 13. Kxf2 Nc6 14. Re1 Ne7 15. d4 Rad8 16. b5 Ng6 17. Qa4 f5 18. Qc2 fxe4 19. Qxe4 d5 20. Qe2 e4 21. Kg1 Rxf3 22. Qxf3 Qe7 23. Qg4 Nh4 24. Bxh6 Qd7 25. Qxh4 gxh6 26. Qg4+ Kh7 27. Qxd7+ Rxd7 28. Re3 Kg6 29. Rf1 Rd6 30. Rg3+ 1-0

[Event "Kemerovo-ch1"]
[Site "Kemerovo"]
[Date "2009.02.08"]
[Round "6"]
[White "Tarasov, Andrey V"]
[Black "Simonov, Dmitry A"]
[Result "1/2-1/2"]
[WhiteElo "1774"]
[BlackElo "1743"]
[PlyCount "61"]
[EventDate "2009.01.27"]
[EventType "tourn"]
[EventRounds "9"]
[EventCountry "RUS"]
[SourceTitle "EXT 2012"]
[Source "ChessBase"]
[SourceDate "2011.11.24"]
[SourceVersion "1"]
[SourceVersionDate "2011.11.24"]
[SourceQuality "1"]

1. c4 c5 2. Nc3 Nc6 3. g3 Nf6 4. Bg2 d6 5. Nf3 e5 6. 0-0 Be7 7. d3 0-0 8. a3 h6 9. Rb1 a5 10. Qb3 Qc7 11. Bd2 Bg4 12. Rbe1 Rfb8 13. Qa4 Be6 14. b3 Qd8 15. Rb1 Bd7 16. Nb5 Na7 17. Rbc1 Qe8 18. Ne1 e4 19. b4 Nxb5 20. cxb5 exd3 21. Nxd3 axb4 22. Qc2 Rxa3 23. b6 Ng4 24. Bf3 h5 25. Nf4 g6 26. Bd5 Bf5 27. e4 Bd7 28. Nd3 Bf6 29. e5 Bxe5 30. Nxe5 Nxe5 31. Bf4 1/2-1/2